Step Brothers Quiz - Statistics

General Stats
  • This quiz has been taken 69 times
  • The average score is 11 of 16
Answer Stats
Hint Answer % Correct
Don't touch my... Drumset
100%
True or False? Brennan gets buried alive False
95%
How much money Robert left Dale for pizza? 20
89%
When does COPS start? 4
88%
What is there so much room for? Activities
84%
What food does Brennan make in the beginning of the film? Nachos
77%
Name of Brennan and Dale's company Prestige Worldwide
77%
What was Brennan's previous job? Petsmart
73%
Who is the one guy you would sleep with if you were a chick? John Stamos
70%
Brennan's brother Derek
63%
Name of the event held at the end of the movie Catalina Wine Mixer
59%
Supposedly, what do Robert and Dale make their own of? Beef jerky
52%
Name of Dale and Brennan's song Boats n Hoes
48%
What is Brennan forced to lick at the playground? White dog shit
48%
What did Dale get for Christmas that Brennan was jealous of? Hulk Hands
45%
What does Dale's long fart taste like? Onion and Ketchup
23%
No matching quizzes found
Score Distribution
Percent of People with Each Score
Percentile by Number Answered
Your Score History
You have not taken this quiz